Normal view
MARC view
- Shinskey, F. Greg
Entry Personal Name
001 - CONTROL NUMBER
- control field: 107155
003 - CONTROL NUMBER IDENTIFIER
- control field: NUST
005 - DATE AND TIME OF LATEST TRANSACTION
- control field: 20230119161917.0
008 - FIXED-LENGTH DATA ELEMENTS
- fixed length control field: 230119|| aca||aabn | a|a d
040 ## - CATALOGING SOURCE
- Original cataloging agency: NUST
- Transcribing agency: NUST
100 ## - HEADING--PERSONAL NAME
- Personal name: Shinskey, F. Greg
670 ## - SOURCE DATA FOUND
- Source citation: Work cat.: (NUST)185008: Shinskey, F. Greg., Distillation control :, c1984.
